[Event "3th Memory Maksym Yusupov (rapid)"]
[Site "Lviv"]
[Date "2015.03.06"]
[Round "1.1"]
[White "Bordovsky, Vladimir"]
[Black "Voitovich, Vladislav"]
[Result "1/2-1/2"]
[WhiteElo "2298"]
[BlackElo "2299"]
[PlyCount "38"]
[EventDate "2015.03.06"]

1. Nf3 Nf6 2. d4 e6 3. c4 Bb4+ 4. Nc3 d5 5. Bg5 h6 6. Bxf6 Qxf6 7. e3 O-O 8.
Rc1 dxc4 9. Bxc4 c5 10. O-O cxd4 11. Nxd4 Bd7 12. Qb3 Nc6 13. Nxc6 Bxc3 14.
Rxc3 Bxc6 15. Bb5 Bd5 16. Bc4 Bc6 17. Bb5 Bd5 18. Bc4 Bc6 19. Bb5 Bd5 $11
1/2-1/2

[Event "3th Memory Maksym Yusupov (rapid)"]
[Site "Lviv"]
[Date "2015.03.06"]
[Round "1.2"]
[White "Buksa, Nataliya"]
[Black "Soloviova, Liza"]
[Result "1/2-1/2"]
[WhiteElo "2042"]
[BlackElo "2290"]
[PlyCount "76"]
[EventDate "2015.03.06"]

1. e4 e6 2. d4 d5 3. Nc3 Nf6 4. e5 Nfd7 5. f4 c5 6. Nf3 Nc6 7. Be3 a6 8. Qd2 b5
9. dxc5 Bxc5 10. Nd4 Qb6 11. O-O-O Bb7 12. h4 O-O-O 13. Rh3 Kb8 14. Kb1 Rc8 15.
Nb3 Bxe3 16. Qxe3 Rhd8 17. Qxb6 Nxb6 18. Bd3 Nc4 19. Ne2 d4 20. Bxc4 bxc4 21.
Nbxd4 Nxd4 22. Nxd4 Bxg2 23. Rg3 Be4 24. Kc1 g6 25. Re3 Bb7 26. Ne2 Rxd1+ 27.
Kxd1 Rd8+ 28. Ke1 h5 29. Rc3 Bd5 30. Kf2 Kb7 31. Ke3 Kb6 32. Nd4 a5 33. b3 Kc5
34. a3 Rd7 35. Nf3 Kb6 36. bxc4 Bxf3 37. Kxf3 Kc5 38. Rd3 Rb7 $11 1/2-1/2

[Event "3th Memory Maksym Yusupov (rapid)"]
[Site "Lviv"]
[Date "2015.03.06"]
[Round "1.4"]
[White "Petrova, Irina"]
[Black "Skliarov, Viktor"]
[Result "1/2-1/2"]
[WhiteElo "2175"]
[BlackElo "2434"]
[PlyCount "119"]
[EventDate "2015.03.06"]

1. d4 Nf6 2. Nf3 b6 3. Bf4 Bb7 4. e3 e6 5. Bd3 Nh5 6. Bg5 Be7 7. Bxe7 Qxe7 8.
O-O f5 9. Nbd2 O-O 10. c3 d6 11. Qc2 g6 12. Rfe1 e5 13. e4 f4 14. dxe5 dxe5 15.
Rad1 Nd7 16. Nc4 Rae8 17. Bf1 Bc6 18. b4 Qf6 19. b5 Bxb5 20. Qb3 Nc5 21. Qxb5
Ng7 22. Qb1 Re7 23. Rd5 Rfe8 24. Red1 g5 25. Rd8 g4 26. Rxe8+ Nxe8 27. Ne1 g3
28. Nf3 gxf2+ 29. Kxf2 c6 30. Kg1 Kg7 31. Ncd2 Nd6 32. Re1 Rd7 33. Nb3 Ncb7 34.
Rd1 Re7 35. Rd2 Kf8 36. Ba6 Nd8 37. Qd1 N8f7 38. Bd3 Re8 39. Qe1 Ke7 40. Qh4
Qxh4 41. Nxh4 Kf6 42. Rd1 Ng5 43. Nd2 Rd8 44. Nhf3 Ndxe4 45. Nxg5 Kxg5 46. Nf3+
Kf6 47. Re1 Rxd3 48. Rxe4 Rxc3 49. Nxe5 Rc1+ 50. Kf2 Rc2+ 51. Kf3 Rxa2 52. Nxc6
a5 53. Rxf4+ Ke6 54. Rh4 Kd6 55. Nd4 Kd5 56. Nb5 Kc5 57. Nd4 a4 58. Ne6+ Kd5
59. Nd4 Kc5 60. Ne6+ $11 1/2-1/2

[Event "3th Memory Maksym Yusupov (rapid)"]
[Site "Lviv"]
[Date "2015.03.06"]
[Round "1.5"]
[White "Kotliar, Alexey"]
[Black "Lornye, Pylyp"]
[Result "1/2-1/2"]
[WhiteElo "2163"]
[BlackElo "2081"]
[PlyCount "108"]
[EventDate "2015.03.06"]

1. e4 d6 2. d4 Nf6 3. Nc3 g6 4. Nf3 Bg7 5. Bf4 O-O 6. Qd2 c5 7. Bh6 cxd4 8.
Nxd4 Nc6 9. Bxg7 Kxg7 10. O-O-O Qb6 11. f3 Nxd4 12. Qxd4 Qxd4 13. Rxd4 Be6 14.
Bc4 Bxc4 15. Rxc4 Rac8 16. Rxc8 Rxc8 17. Kd2 a6 18. Re1 Nd7 19. Nd5 e6 20. Ne3
b5 21. c3 Nb6 22. f4 f5 23. Nc2 Kf6 24. b3 e5 25. g3 fxe4 26. Rxe4 Kf5 27. Re3
exf4 28. Nd4+ Kg4 29. gxf4 Nd5 30. Rg3+ Kxf4 31. Ne2+ Kf5 32. Nd4+ Kf6 33. Rf3+
Ke5 34. Rh3 Rc7 35. Ne2 Nf6 36. Re3+ Ne4+ 37. Ke1 d5 38. a3 h5 39. h4 Rf7 40.
Nd4 Rf4 41. a4 bxa4 42. bxa4 Kd6 43. Nf3 Ng3 44. Nd4 Rf1+ 45. Kd2 Ne4+ 46. Kc2
Kc5 47. Nb3+ Kb6 48. Rd3 Rf2+ 49. Kc1 Nc5 50. a5+ Kb5 51. Rxd5 Kc4 52. Rxc5+
Kxb3 53. Rc6 Rg2 54. Kd1 Rg1+ $11 1/2-1/2

[Event "3th Memory Maksym Yusupov (rapid)"]
[Site "Lviv"]
[Date "2015.03.06"]
[Round "2.1"]
[White "Voitovich, Vladislav"]
[Black "Lornye, Pylyp"]
[Result "1-0"]
[WhiteElo "2299"]
[BlackElo "2081"]
[PlyCount "83"]
[EventDate "2015.03.06"]

1. d4 Nf6 2. Bg5 g6 3. Bxf6 exf6 4. e3 Bg7 5. g3 O-O 6. Bg2 f5 7. Ne2 d6 8. O-O
Nd7 9. c4 a5 10. Nbc3 c6 11. Qc2 Nf6 12. Rfd1 Qe7 13. Nf4 g5 14. Nd3 Rb8 15. c5
dxc5 16. Nxc5 f4 17. e4 fxg3 18. hxg3 Ng4 19. e5 b6 20. N5e4 c5 21. Nd5 Qe6 22.
Nxg5 Qh6 23. Nf3 cxd4 24. Rxd4 Be6 25. Qe4 Bxd5 26. Rxd5 f5 27. exf6 Nxf6 28.
Qe6+ Kh8 29. Rb5 Rfe8 30. Qf5 Ne4 31. Ne5 Nd6 32. Nf7+ Nxf7 33. Qxf7 Rf8 34.
Qc4 Rbd8 35. Qe2 Bd4 36. Rf1 Rxf2 37. Rxf2 Rf8 38. Bf3 Qh3 39. Rg5 h6 40. Rg6
Kh7 41. Rg4 Bc5 42. Qe4+ 1-0

[Event "3th Memory Maksym Yusupov (rapid)"]
[Site "Lviv"]
[Date "2015.03.06"]
[Round "2.2"]
[White "Skliarov, Viktor"]
[Black "Kotliar, Alexey"]
[Result "1-0"]
[WhiteElo "2434"]
[BlackElo "2163"]
[PlyCount "91"]
[EventDate "2015.03.06"]

1. e4 e5 2. Nc3 Nf6 3. Bc4 Nc6 4. d3 Na5 5. Nge2 Nxc4 6. dxc4 d6 7. Ng3 Be7 8.
O-O Be6 9. Qd3 h5 10. Nf5 Bxf5 11. exf5 Qd7 12. Bg5 O-O-O 13. Rad1 h4 14. Qf3
h3 15. g3 e4 16. Qf4 Nh5 17. Qg4 Bxg5 18. Qxg5 f6 19. Qg4 g6 20. Qxe4 Rde8 21.
Qf3 gxf5 22. c5 Re5 23. cxd6 cxd6 24. Rd3 Kb8 25. Ne2 Rhe8 26. Qxh5 Rxe2 27.
Qxh3 Rxc2 28. Rb3 a6 29. Qh6 Qe7 30. Qf4 Rc5 31. Rd1 Re5 32. Qf3 Rd8 33. Kg2 d5
34. Rd4 Re4 35. Rbd3 Qe5 36. Qd1 Re1 37. Qd2 Re2 38. Qa5 Rd7 39. Rd2 Re1 40.
Qc3 Rc7 41. Qf3 Rcc1 42. Qxd5 Rg1+ 43. Kf3 Qe1 44. Rb4 Rc7 45. Qd8+ Rc8 46.
Rxb7+ 1-0

[Event "3th Memory Maksym Yusupov (rapid)"]
[Site "Lviv"]
[Date "2015.03.06"]
[Round "2.3"]
[White "Nester, Ihor"]
[Black "Petrova, Irina"]
[Result "1-0"]
[WhiteElo "2257"]
[BlackElo "2175"]
[PlyCount "67"]
[EventDate "2015.03.06"]

1. Nf3 d6 2. d4 g6 3. c4 f5 4. Nc3 Nf6 5. g3 Bg7 6. Bg2 O-O 7. O-O c6 8. Rb1
Na6 9. b4 Nc7 10. b5 Qe8 11. bxc6 bxc6 12. Ba3 h6 13. Qa4 Ne4 14. Nxe4 fxe4 15.
Nd2 Bxd4 16. e3 Bg7 17. Bxe4 Bd7 18. Rb7 Ne6 19. Rxd7 Qxd7 20. Bxc6 Qd8 21.
Bxa8 Qxa8 22. Qd7 Ng5 23. h4 Nf7 24. Qxe7 Bc3 25. Ne4 Re8 26. Nf6+ Bxf6 27.
Qxf6 Ne5 28. f4 Nxc4 29. Qxg6+ Kh8 30. Qxh6+ Kg8 31. Qg6+ Kh8 32. Rc1 Rxe3 33.
Rxc4 Re2 34. Qh5+ 1-0

[Event "3th Memory Maksym Yusupov (rapid)"]
[Site "Lviv"]
[Date "2015.03.06"]
[Round "2.5"]
[White "Bordovsky, Vladimir"]
[Black "Buksa, Nataliya"]
[Result "1-0"]
[WhiteElo "2298"]
[BlackElo "2042"]
[PlyCount "59"]
[EventDate "2015.03.06"]

1. c4 Nf6 2. Nc3 d5 3. cxd5 Nxd5 4. g3 g6 5. Bg2 Nxc3 6. bxc3 Bg7 7. Rb1 c6 8.
Nf3 O-O 9. O-O Qa5 10. Qc2 Nd7 11. c4 Nc5 12. d3 e5 13. Bd2 Qc7 14. Bb4 b6 15.
Nd2 Rd8 16. Bxc5 bxc5 17. Qa4 Bg4 18. Rfe1 Rab8 19. Rb3 Rdc8 20. h3 Bd7 21. Ne4
Rxb3 22. axb3 Qb6 23. Qa3 Qb4 24. Ra1 Rc7 25. Qa5 Qxa5 26. Rxa5 Bf8 27. Nxc5
Bc8 28. b4 Kg7 29. e3 f6 30. Kf1 {...} 1-0

[Event "3th Memory Maksym Yusupov (rapid)"]
[Site "Lviv"]
[Date "2015.03.06"]
[Round "3.1"]
[White "Buksa, Nataliya"]
[Black "Voitovich, Vladislav"]
[Result "0-1"]
[WhiteElo "2042"]
[BlackElo "2299"]
[PlyCount "109"]
[EventDate "2015.03.06"]

1. e4 Nf6 2. e5 Nd5 3. d4 d6 4. Nf3 Bg4 5. Be2 c6 6. O-O Bxf3 7. Bxf3 dxe5 8.
dxe5 e6 9. b3 Nd7 10. Bb2 Qc7 11. Qe2 Nf4 12. Qe4 Ng6 13. Re1 Rd8 14. g3 Bc5
15. a4 Ndxe5 16. Bg2 O-O 17. Na3 Bd6 18. h4 h5 19. Qe2 Ng4 20. Nc4 Bc5 21. Ne3
Bxe3 22. fxe3 Qxg3 23. Qf3 Qh2+ 24. Kf1 Nxh4 25. Qh3 Qxg2+ 26. Qxg2 Nxg2 27.
Kxg2 Rd2+ 28. Kg3 Rxc2 29. Ba3 Rd8 30. Rad1 Rcd2 31. Rxd2 Rxd2 32. Kh4 g6 33.
Kg5 Rd3 34. Bb2 Nxe3 35. Re2 Rxb3 36. Rd2 Nd5 37. a5 a6 38. Be5 Rb5 39. Kh6
Rxa5 40. Bd4 c5 41. Rc2 b6 42. Rc4 Rb5 43. Ra4 cxd4 44. Rxa6 Ra5 45. Rxb6 Ra8
46. Rb3 Rd8 47. Rd3 Nf4 48. Rd1 e5 49. Re1 Nd3 50. Re4 f5 51. Re2 Kf7 52. Ra2
Nf4 53. Ra7+ Kf6 54. Kh7 Kg5 55. Re7 {...} 0-1

[Event "3th Memory Maksym Yusupov (rapid)"]
[Site "Lviv"]
[Date "2015.03.06"]
[Round "3.3"]
[White "Petrova, Irina"]
[Black "Soloviova, Liza"]
[Result "1/2-1/2"]
[WhiteElo "2175"]
[BlackElo "2290"]
[PlyCount "62"]
[EventDate "2015.03.06"]

1. d4 Nf6 2. Bg5 c6 3. Bxf6 exf6 4. c3 f5 5. e3 g6 6. g3 Bg7 7. Bg2 d6 8. Ne2
Nd7 9. Nd2 Nf6 10. Nf4 O-O 11. O-O Re8 12. Qc2 Qc7 13. h4 h6 14. a4 Bd7 15. b4
a5 16. Rfb1 axb4 17. cxb4 Ne4 18. Nxe4 fxe4 19. Bxe4 Rxe4 20. Qxe4 Bf5 21. Qf3
Bxb1 22. Rxb1 Rxa4 23. Qd1 b5 24. Qb3 d5 25. Rc1 Qd7 26. Nd3 Ra8 27. Qc2 Ra3
28. Nf4 Ra6 29. Nd3 Ra3 30. Nf4 Ra6 31. Nd3 Ra3 $11 1/2-1/2

[Event "3th Memory Maksym Yusupov (rapid)"]
[Site "Lviv"]
[Date "2015.03.06"]
[Round "3.4"]
[White "Kotliar, Alexey"]
[Black "Nester, Ihor"]
[Result "1/2-1/2"]
[WhiteElo "2163"]
[BlackElo "2257"]
[PlyCount "63"]
[EventDate "2015.03.06"]

1. e4 d6 2. d4 Nf6 3. Nc3 e5 4. Nf3 Nbd7 5. Bc4 Be7 6. O-O O-O 7. h3 c6 8. a4
a5 9. Re1 Nb6 10. Bb3 Nfd7 11. Be3 exd4 12. Bxd4 Nc5 13. Bxc5 dxc5 14. Qxd8
Rxd8 15. Ne5 Be6 16. Bxe6 fxe6 17. Nf3 c4 18. Ne2 Nd7 19. Ned4 Nc5 20. c3 Nd3
21. Re2 e5 22. Nf5 Bc5 23. Ne3 Bxe3 24. fxe3 Re8 25. Rc2 b5 26. Nd2 Nc5 27. Kf2
Re6 28. Ra3 Rf6+ 29. Kg1 Rd6 30. axb5 cxb5 31. b4 cxb3 32. Nxb3 {...} 1/2-1/2

[Event "3th Memory Maksym Yusupov (rapid)"]
[Site "Lviv"]
[Date "2015.03.06"]
[Round "3.5"]
[White "Lornye, Pylyp"]
[Black "Skliarov, Viktor"]
[Result "0-1"]
[WhiteElo "2081"]
[BlackElo "2434"]
[PlyCount "76"]
[EventDate "2015.03.06"]

1. Nf3 d5 2. g3 Nc6 3. Bg2 e5 4. d3 f6 5. O-O Be6 6. e4 Nge7 7. exd5 Nxd5 8.
Re1 Qd7 9. d4 O-O-O 10. c4 Nb6 11. d5 Nxc4 12. Nc3 Bxd5 13. Nxe5 N6xe5 14. Nxd5
c6 15. b3 cxd5 16. bxc4 Bb4 17. cxd5 Bxe1 18. Qxe1 Kb8 19. Bf4 Rhe8 20. Qa5 Qd6
21. Rb1 b6 22. Qa6 Re7 23. a4 Rb7 24. h4 b5 25. Qa5 b4 26. Rb3 Rc8 27. Bf1 Rc5
28. Bb5 Rxd5 29. Kg2 g5 30. hxg5 fxg5 31. Bxg5 Nc6 32. Qa6 Rxg5 33. Rd3 Qc7 34.
Qxc6 Qxc6+ 35. Bxc6 Rb6 36. Be4 h6 37. Rd8+ Kc7 38. Rh8 Re5 0-1

[Event "3th Memory Maksym Yusupov (rapid)"]
[Site "Lviv"]
[Date "2015.03.07"]
[Round "4.1"]
[White "Voitovich, Vladislav"]
[Black "Skliarov, Viktor"]
[Result "0-1"]
[WhiteElo "2299"]
[BlackElo "2434"]
[PlyCount "88"]
[EventDate "2015.03.06"]

1. b3 c5 2. Bb2 Nc6 3. Nf3 Nf6 4. e3 g6 5. Bxf6 exf6 6. d4 d5 7. Be2 Bg7 8. c3
Qe7 9. O-O O-O 10. Qc1 Be6 11. Qa3 b6 12. Nbd2 Rfd8 13. Rad1 Bf8 14. dxc5 bxc5
15. Bb5 Ne5 16. c4 a6 17. Ba4 Nxf3+ 18. Nxf3 dxc4 19. Rxd8 Rxd8 20. bxc4 Bxc4
21. Rc1 Be2 22. Qb2 Bd3 23. Nd2 Qd6 24. Bb3 Be7 25. Nc4 Qc6 26. Qc3 Be4 27. f3
Bf5 28. e4 Be6 29. Ne3 Rc8 30. Nd5 Bd8 31. Bc4 Kg7 32. Qa3 a5 33. Qc3 $11 Qd6
34. Rd1 h5 35. g3 Rb8 36. Kg2 Qe5 37. Qxe5 fxe5 38. Rd2 a4 39. Rc2 Ba5 40. h3
Bd7 41. Ne3 Rb1 42. Bd5 Bb4 43. Nc4 a3 44. Nxe5 Rb2 0-1

[Event "3th Memory Maksym Yusupov (rapid)"]
[Site "Lviv"]
[Date "2015.03.07"]
[Round "4.2"]
[White "Nester, Ihor"]
[Black "Lornye, Pylyp"]
[Result "1/2-1/2"]
[WhiteElo "2257"]
[BlackElo "2081"]
[PlyCount "60"]
[EventDate "2015.03.06"]

1. Nf3 Nf6 2. c4 g6 3. d4 Bg7 4. g3 O-O 5. Bg2 d6 6. O-O Nbd7 7. Nc3 e5 8. e4
c6 9. h3 Qb6 10. c5 dxc5 11. dxe5 Ne8 12. e6 fxe6 13. Ng5 Ne5 14. f4 c4+ 15.
Kh2 Nd3 16. e5 Nc7 17. Qe2 Nd5 18. Nce4 Nxc1 19. Rfxc1 Qe3 20. Qxe3 Nxe3 21.
Nd6 h6 22. Nge4 Nxg2 23. Kxg2 g5 24. fxg5 hxg5 25. Nxg5 Bxe5 26. Nxc4 Bd4 27.
Rc2 e5 28. g4 b5 29. Nd6 Bd7 30. Nge4 Rad8 {...} 1/2-1/2

[Event "3th Memory Maksym Yusupov (rapid)"]
[Site "Lviv"]
[Date "2015.03.07"]
[Round "4.3"]
[White "Soloviova, Liza"]
[Black "Kotliar, Alexey"]
[Result "0-1"]
[WhiteElo "2290"]
[BlackElo "2163"]
[PlyCount "74"]
[EventDate "2015.03.06"]

1. Nf3 e6 2. d3 d5 3. g3 Nf6 4. Bg2 b6 5. c3 Bb7 6. O-O Be7 7. Nbd2 O-O 8. a3
Nbd7 9. b4 c5 10. Bb2 Qc7 11. Rc1 c4 12. Nd4 Rac8 13. Nb5 Qb8 14. a4 Rfd8 15.
Na3 cxd3 16. exd3 d4 17. Nf3 dxc3 18. Bxc3 Nd5 19. Ba1 Nxb4 20. Rxc8 Qxc8 21.
Qd2 Qa8 22. Nh4 Bxg2 23. Nxg2 Nd5 24. Nc4 Bf6 25. Nf4 Bxa1 26. Rxa1 h6 27. Rb1
Nc5 28. a5 Nxf4 29. Qxf4 Nxd3 30. Qe3 b5 31. Nd2 a6 32. Ne4 Ne5 33. Qf4 Qd5 34.
h4 b4 35. Qe3 Qxa5 36. Qa7 Qd5 37. Rxb4 Nc6 0-1

[Event "3th Memory Maksym Yusupov (rapid)"]
[Site "Lviv"]
[Date "2015.03.07"]
[Round "4.4"]
[White "Bordovsky, Vladimir"]
[Black "Petrova, Irina"]
[Result "1-0"]
[WhiteElo "2298"]
[BlackElo "2175"]
[PlyCount "67"]
[EventDate "2015.03.06"]

1. f4 d5 2. Nf3 Nf6 3. e3 Bf5 4. b3 e6 5. Bb2 Be7 6. Be2 h6 7. O-O c5 8. Ne5
O-O 9. d3 Nc6 10. Nd2 Rc8 11. Bf3 Bh7 12. Qe2 Nxe5 13. fxe5 Nd7 14. c4 Qc7 15.
d4 dxc4 16. bxc4 cxd4 17. exd4 Bg5 18. Ba3 Qb6 19. c5 Qa5 20. Nc4 Qc3 21. Bb2
Qb4 22. Nd6 Rc7 23. Rad1 Nb8 24. Nb5 Rd7 25. Ba3 Qa4 26. c6 Nxc6 27. Bxf8 Kxf8
28. d5 Nxe5 29. dxe6 Rxd1 30. Rxd1 Nxf3+ 31. Qxf3 Bf6 32. Rd8+ Ke7 33. Qxb7+
Kxe6 34. Qd5+ 1-0

[Event "3th Memory Maksym Yusupov (rapid)"]
[Site "Lviv"]
[Date "2015.03.07"]
[Round "5.2"]
[White "Petrova, Irina"]
[Black "Buksa, Nataliya"]
[Result "0-1"]
[WhiteElo "2175"]
[BlackElo "2042"]
[PlyCount "118"]
[EventDate "2015.03.06"]

1. d4 Nf6 2. Nf3 g6 3. Nbd2 d5 4. b4 Bg7 5. e3 a5 6. b5 c5 7. bxc6 bxc6 8. Ba3
O-O 9. Be2 Re8 10. O-O Ba6 11. c4 Nbd7 12. cxd5 cxd5 13. Rb1 e5 14. dxe5 Bxe2
15. Qxe2 Nxe5 16. Nxe5 Rxe5 17. Nf3 Re8 18. Bb2 Ne4 19. Bxg7 Kxg7 20. Qb2+ Qf6
21. Qxf6+ Kxf6 22. Rfc1 Rec8 23. Kf1 a4 24. Ke1 a3 25. Rb6+ Kg7 26. Rbc6 Rxc6
27. Rxc6 Rb8 28. Rc2 Rb2 29. Nd4 Kf6 30. Rc6+ Ke7 31. Rc2 Kd6 32. f3 Rxc2 33.
Nxc2 Nc3 34. Nxa3 Nxa2 35. Kd2 Nb4 36. Kc3 Kc5 37. Nb1 Nc6 38. Nd2 Kd6 39. Nb3
Ne5 40. Kd4 Nc6+ 41. Kc3 Ne5 42. Nd4 Nd7 43. g4 h6 44. h4 Ke5 $11 45. Nb5 h5
46. gxh5 gxh5 47. Kd3 Nf8 48. Ke2 Ng6 49. f4+ Kf5 50. Nd4+ Kg4 51. Nf3 f6 52.
Nh2+ Kg3 53. Nf1+ Kg2 54. Nd2 Nxh4 55. e4 Ng6 56. f5 Ne7 57. Ke3 h4 58. Nf3 h3
59. Ne1+ Kg3 {...} 0-1

[Event "3th Memory Maksym Yusupov (rapid)"]
[Site "Lviv"]
[Date "2015.03.07"]
[Round "5.3"]
[White "Kotliar, Alexey"]
[Black "Bordovsky, Vladimir"]
[Result "0-1"]
[WhiteElo "2163"]
[BlackElo "2298"]
[PlyCount "66"]
[EventDate "2015.03.06"]

1. e4 e6 2. d4 c5 3. Nf3 cxd4 4. Nxd4 Nf6 5. Bd3 Nc6 6. Nb3 Be7 7. Nc3 O-O 8.
O-O a6 9. a4 b6 10. f4 d6 11. Qf3 Qc7 12. Bd2 Bb7 13. Qh3 g6 14. Rae1 Nb4 15.
f5 Nxd3 16. cxd3 e5 17. g4 d5 18. exd5 Rad8 19. Bg5 Nxd5 20. Nxd5 Bxd5 21. Bxe7
Qxe7 22. f6 Qd7 23. Rf5 Kh8 24. Re3 gxf5 25. Qh6 Rg8 26. Rh3 Rxg4+ 27. Kf2 Kg8
28. Rg3 f4 29. Rh3 Rg2+ 30. Kf1 Qg4 31. Qxh7+ Kf8 32. Qh8+ Qg8 33. Qh6+ Ke8 0-1

[Event "3th Memory Maksym Yusupov (rapid)"]
[Site "Lviv"]
[Date "2015.03.07"]
[Round "5.4"]
[White "Lornye, Pylyp"]
[Black "Soloviova, Liza"]
[Result "1/2-1/2"]
[WhiteElo "2081"]
[BlackElo "2290"]
[PlyCount "101"]
[EventDate "2015.03.06"]

1. Nf3 Nf6 2. g3 g6 3. Bg2 Bg7 4. O-O O-O 5. d3 d5 6. Nbd2 c5 7. e4 Nc6 8. c3
b6 9. Qa4 Bb7 10. Re1 e6 11. Nf1 h6 12. Ne3 Qd7 13. Qc2 d4 14. Nc4 b5 15. Nce5
Nxe5 16. Nxe5 Qe7 17. cxd4 cxd4 18. Nc6 Bxc6 19. Qxc6 Qb4 20. Bf4 Rac8 21. Qa6
Rfd8 22. Re2 g5 23. Be5 Qc5 24. Bxf6 Bxf6 25. f4 gxf4 26. gxf4 Rc6 27. Qa5 Qh5
28. Rd2 e5 29. Qxb5 Rdc8 30. Rf1 Rc2 31. Qa5 R8c5 32. Qb4 a5 33. Rxc2 Rxc2 34.
Qe1 Bh4 35. Qd1 Bf2+ 36. Kh1 Qxd1 37. Rxd1 Rxb2 38. fxe5 Rxa2 39. Bh3 Re2 40.
e6 fxe6 41. Bxe6+ Kg7 42. Ra1 Be1 43. Bc4 Bc3 44. Ra2 Rxa2 45. Bxa2 Kf6 46. Kg2
Ke5 47. Kf3 a4 48. h4 a3 49. h5 Bd2 50. Ke2 Bg5 51. Kd1 1/2-1/2

[Event "3th Memory Maksym Yusupov (rapid)"]
[Site "Lviv"]
[Date "2015.03.07"]
[Round "5.5"]
[White "Skliarov, Viktor"]
[Black "Nester, Ihor"]
[Result "1/2-1/2"]
[WhiteElo "2434"]
[BlackElo "2257"]
[PlyCount "95"]
[EventDate "2015.03.06"]

1. e4 d6 2. d4 Nf6 3. Nc3 e5 4. Nge2 Be7 5. f3 c6 6. Be3 b5 7. Qd2 Nbd7 8. g4
Nb6 9. b3 b4 10. Nd1 a5 11. Ng3 h5 12. g5 Nh7 13. h4 g6 14. f4 exf4 15. Bxf4
Nf8 16. Bg2 Ne6 17. Be3 d5 18. e5 Ng7 19. O-O Be6 20. Nf2 Nf5 21. Nxf5 Bxf5 22.
Nd3 Qd7 23. Rf4 Be6 24. Raf1 Nc8 25. Kh2 O-O 26. Rf6 Na7 27. Nf4 Bxf6 28. gxf6
Kh7 29. Nxe6 fxe6 30. Bh6 Rf7 31. Bf3 Nb5 32. Rg1 Rg8 33. Be3 Nc3 34. Qd3 Qc7
35. Kh3 c5 36. Bxh5 Ne4 37. Bf3 cxd4 38. Bxe4 dxe4 39. Qxd4 Qxc2 40. Rg2 Qd3
41. Rd2 Qf1+ 42. Kh2 Qf5 43. Rf2 Qg4 44. Rf4 Qe2+ 45. Rf2 Qg4 46. Rf4 Qe2+ 47.
Rf2 Qg4 48. Rf4 $11 1/2-1/2

[Event "3th Memory Maksym Yusupov (rapid)"]
[Site "Lviv"]
[Date "2015.03.07"]
[Round "6.1"]
[White "Voitovich, Vladislav"]
[Black "Nester, Ihor"]
[Result "1-0"]
[WhiteElo "2299"]
[BlackElo "2257"]
[PlyCount "116"]
[EventDate "2015.03.06"]

1. d4 Nf6 2. Bg5 e6 3. e4 h6 4. Bxf6 Qxf6 5. c3 e5 6. Nf3 exd4 7. cxd4 Qb6 8.
Qd2 Bb4 9. Nc3 O-O 10. a3 Bxc3 11. bxc3 Qg6 12. Qf4 d6 13. Bd3 Nc6 14. O-O Nd8
15. Rfd1 Bg4 16. e5 Qh5 17. exd6 Bxf3 18. gxf3 cxd6 19. Qxd6 Qxf3 20. Qg3 Qf6
21. Be4 Rc8 22. Rd3 b6 23. Re1 Ne6 24. Rf3 Qd8 25. h4 Qc7 26. Bf5 Qxg3+ 27.
fxg3 Rce8 28. Rfe3 Nc7 29. Be4 Rd8 30. Kf2 Rd6 31. Bf3 Nd5 32. Bxd5 Rxd5 33.
Re5 Rxe5 34. Rxe5 Rc8 35. Re3 b5 36. Ke2 Kf8 37. Kd3 Rd8 38. Re5 a6 39. a4 Rb8
40. axb5 axb5 41. Kc2 f6 42. Rc5 b4 43. c4 Re8 44. Kb3 Re3+ 45. Kxb4 Rxg3 46.
d5 Ke7 47. Rc7+ Kd8 48. Rf7 Ke8 49. Ra7 f5 50. d6 f4 51. Re7+ Kd8 52. Rf7 g5
53. hxg5 hxg5 54. c5 Rd3 55. Kc4 Rd1 56. Kb5 Ke8 57. Re7+ Kd8 58. Rg7 f3 1-0

[Event "3th Memory Maksym Yusupov (rapid)"]
[Site "Lviv"]
[Date "2015.03.07"]
[Round "6.2"]
[White "Soloviova, Liza"]
[Black "Skliarov, Viktor"]
[Result "1/2-1/2"]
[WhiteElo "2290"]
[BlackElo "2434"]
[PlyCount "113"]
[EventDate "2015.03.06"]

1. c4 e5 2. Nc3 Bb4 3. g3 Nf6 4. Bg2 Bxc3 5. bxc3 d6 6. d3 O-O 7. Bg5 h6 8.
Bxf6 Qxf6 9. Rb1 Nc6 10. e3 Nd8 11. h3 Qe7 12. Ne2 f5 13. O-O c6 14. d4 Be6 15.
d5 Bf7 16. e4 Bg6 17. exf5 Bxf5 18. Rb2 c5 19. f4 Bh7 20. Qc1 Bd3 21. fxe5
Rxf1+ 22. Qxf1 Qxe5 23. Qf4 Qxf4 24. Nxf4 Bxc4 25. a4 Rb8 26. Bf1 Bxf1 27. Kxf1
Nf7 28. Ng6 Ng5 29. Ne7+ Kh7 30. Kg2 b6 31. h4 Ne4 32. c4 Rf8 33. a5 bxa5 34.
Ra2 a4 35. Rxa4 Rf2+ 36. Kg1 Rf7 37. Nc8 Rf8 38. Nxa7 Ra8 39. Ra3 Nxg3 40. Rxg3
Rxa7 41. h5 Ra1+ 42. Kg2 Rc1 43. Rg4 Rc3 44. Re4 Kg8 45. Rf4 Re3 46. Rg4 Re5
47. Rh4 Kf7 48. Kf3 Kf6 49. Kf4 Rf5+ 50. Ke4 Kg5 51. Rh1 Rf4+ 52. Kd3 Rd4+ 53.
Kc3 Rh4 54. Rg1+ Rg4 55. Rh1 Rg3+ 56. Kd2 Kf5 57. Rf1+ {...} 1/2-1/2

[Event "3th Memory Maksym Yusupov (rapid)"]
[Site "Lviv"]
[Date "2015.03.07"]
[Round "6.3"]
[White "Bordovsky, Vladimir"]
[Black "Lornye, Pylyp"]
[Result "0-1"]
[WhiteElo "2298"]
[BlackElo "2081"]
[PlyCount "60"]
[EventDate "2015.03.06"]

1. b4 Nf6 2. Bb2 g6 3. Nf3 Bg7 4. e3 O-O 5. Be2 d6 6. c4 e5 7. d3 Nfd7 8. Nc3
Nc6 9. b5 Ne7 10. O-O f5 11. a4 f4 12. e4 Nc5 13. d4 exd4 14. Nxd4 g5 15. Re1
Ng6 16. Bf1 Ne5 17. Nb3 Nxb3 18. Qxb3 Be6 19. Rad1 g4 20. Nd5 b6 21. Bd4 Rf7
22. Nb4 Qg5 23. Nc6 h5 24. Qc3 h4 25. Bxe5 dxe5 26. c5 g3 27. hxg3 hxg3 28.
fxg3 Bf8 29. cxb6 axb6 30. Qxe5 Bc5+ 0-1

[Event "3th Memory Maksym Yusupov (rapid)"]
[Site "Lviv"]
[Date "2015.03.07"]
[Round "6.4"]
[White "Buksa, Nataliya"]
[Black "Kotliar, Alexey"]
[Result "1-0"]
[WhiteElo "2042"]
[BlackElo "2163"]
[PlyCount "89"]
[EventDate "2015.03.06"]

1. e4 e5 2. Nf3 d6 3. Bc4 Be7 4. d4 exd4 5. Nxd4 Nf6 6. Nc3 O-O 7. O-O Nc6 8.
Re1 Nxd4 9. Qxd4 Ng4 10. Nd5 Bh4 11. g3 Ne5 12. Be2 Bf6 13. Nxf6+ Qxf6 14. Qc3
Ng4 15. Qxf6 Nxf6 16. Bf3 Re8 17. Bd2 Nd7 18. Bg2 Rb8 19. a4 Nf8 20. Bc3 Bd7
21. b3 Bc6 22. Re3 Re7 23. Rae1 Rbe8 24. Bb4 Nd7 25. Bh3 Nf6 26. f3 Bd7 27.
Bxd7 Nxd7 28. Kf2 f6 29. f4 Nb6 30. Kf3 f5 31. Ba5 fxe4+ 32. Rxe4 Rxe4 33. Rxe4
Rxe4 34. Kxe4 Na8 35. h4 Kf7 36. h5 c6 37. g4 b6 38. Bb4 d5+ 39. Ke5 Nc7 40.
Kd6 Ne6 41. Kxc6 Nxf4 42. Kb7 d4 43. Kxa7 Nd5 44. Bd2 Ke6 45. Kb7 1-0

[Event "3th Memory Maksym Yusupov (rapid)"]
[Site "Lviv"]
[Date "2015.03.08"]
[Round "7.1"]
[White "Petrova, Irina"]
[Black "Voitovich, Vladislav"]
[Result "0-1"]
[WhiteElo "2175"]
[BlackElo "2299"]
[PlyCount "68"]
[EventDate "2015.03.06"]

1. d4 Nf6 2. Nf3 e6 3. Bg5 Be7 4. e3 b6 5. Bd3 Bb7 6. Nbd2 d6 7. c3 Nbd7 8. Qc2
h6 9. Bh4 c5 10. Bg3 Nh5 11. Be4 Nxg3 12. hxg3 d5 13. Bd3 c4 14. Be2 b5 15. e4
O-O 16. e5 a5 17. Nf1 b4 18. Ne3 Re8 19. Ng4 Bf8 20. Qd2 a4 21. a3 bxc3 22.
bxc3 Bc6 23. Bd1 Rb8 24. Bc2 Qe7 25. Ke2 Rb3 26. Rh3 Reb8 27. Rah1 f5 28. exf6
Nxf6 29. Qf4 Rxc3 30. Rxh6 Rxc2+ 31. Kd1 Rb1+ 32. Kxc2 Rxh1 33. Nxf6+ gxf6 34.
Rxh1 Be8 {...} 0-1

[Event "3th Memory Maksym Yusupov (rapid)"]
[Site "Lviv"]
[Date "2015.03.08"]
[Round "7.3"]
[White "Lornye, Pylyp"]
[Black "Buksa, Nataliya"]
[Result "1-0"]
[WhiteElo "2081"]
[BlackElo "2042"]
[PlyCount "71"]
[EventDate "2015.03.06"]

1. Nf3 d5 2. g3 c5 3. Bg2 g6 4. O-O Bg7 5. d3 Nc6 6. Nbd2 e6 7. e4 Nge7 8. c3
O-O 9. Re1 Qc7 10. exd5 exd5 11. Nb3 b6 12. Bf4 Qd7 13. Ne5 Nxe5 14. Bxe5 Bb7
15. Qf3 Rae8 16. Bxg7 Kxg7 17. h4 h5 18. Re2 Ng8 19. Rae1 Nf6 20. Nd2 Rxe2 21.
Rxe2 Re8 22. Rxe8 Qxe8 23. Qd1 Ba6 24. Bf1 Ng4 25. Nf3 Qe6 26. d4 Bxf1 27. Kxf1
Qe4 28. Kg2 Nh6 29. Qe1 Nf5 30. dxc5 bxc5 31. Qxe4 dxe4 32. Ng5 Nd6 33. Kf1 Kf6
34. Ke2 Kf5 35. f3 f6 36. Nh7 {...} 1-0